000 00692nam a2200229Ia 4500
003 OSt
005 20220925203812.0
006 a|||||r|||| 00| 0
007 ta
008 220923b |||||||| |||| 00| 0 eng d
037 _cGeneral Book
040 _aRTL
_cRTL
_beng
041 _2eng
_aeng
082 _aYoaZ, L7
100 _aFriedman Lawrence M
_9133497
245 0 _aLaw and society
_b An introduction
260 _aEnglewood
_bCliffs Prentice-Hall
_c1977
300 _axiii,177p
_ccm.
490 _aPrentice-Hall Foundations of Modern Sociology Series.Ed by Alex Inkeles
942 _hYoaZ, L7
_cGB
_2CC
999 _c547781
_d547781